Score 0/35 Timer 03:00
5 Plays Today
% Correct
Poland
97%
Austria
95.9%
Mexico
94.8%
Denmark
94.6%
Netherlands
94.2%
Czechia
93.4%
Switzerland
93.2%
Turkey
92.9%
France
92.6%
Belgium
92.5%
Russia
90.8%
Brazil
90%
Luxembourg
88.8%
Suriname
88.7%
Venezuela
88.6%
Côte d'Ivoire
88.3%
Honduras
86.6%
North Macedonia
86.2%
% Correct
Togo
86%
Senegal
85.5%
Albania
85.2%
Belize
84.4%
Mali
84%
Armenia
83.8%
Liberia
82.6%
Bulgaria
82.4%
Burkina Faso
82%
El Salvador
81.6%
Azerbaijan
81%
Sierra Leone
79.3%
Cameroon
76.8%
Guinea
74%
Equatorial Guinea
73.8%
Rep. Congo
72.9%
Guinea-Bissau
68.8%
Remove Ads.
Support Sporcle.
Get the best of Sporcle when you Go Orange. This ad-free experience offers more features, more stats, and more fun while also helping to support Sporcle. Thank you for becoming a member.

You're not logged in!

Compare scores with friends on all Sporcle quizzes.
OR
Log In

Show Comments

Extras

Created Jan 21, 2017ReportNominate
Tags:Country Quiz, map

Top Quizzes Today


Score Distribution

Your Account Isn't Verified!

In order to create a playlist on Sporcle, you need to verify the email address you used during registration. Go to your Sporcle Settings to finish the process.

Report this User

Report this user for behavior that violates our Community Guidelines.

Details: